| 000 | 00536nam a2200205Ia 4500 | ||
|---|---|---|---|
| 005 | 20250507130235.0 | ||
| 008 | 008 250505s9999 xx 000 0 eng d | ||
| 037 | _aSeries Article | ||
| 040 |
_aEASL _beng _cEASL |
||
| 041 |
_aeng _2eng |
||
| 084 | _qEASL | ||
| 100 | _aSullivan Jonathan | ||
| 245 | 0 | _aChen shui-bian:on independence | |
| 260 |
_aUK _bUK Cambridge Univesity Press UK _c2010 |
||
| 300 | _a619-638 | ||
| 650 | _aChina | ||
| 700 |
_aLowe Will _9669030 |
||
| 942 | _cSRA | ||
| 999 |
_c1318506 _d1318506 |
||